000 00390nam a2200169Ia 4500
001 5845
003 IN-NITTTR
005 20251114233013.0
008 251113s9999||||xx |||||||||||||| ||eng||
040 _beng
040 _cIN-NITTTR
041 _aeng
082 _a153.93 E95I
100 _aEdwards, Allen L.
245 0 _aIndividual mental testing /
_cEdwards, Allen L.
942 _2ddc
_cBK
999 _c8482
_d8482